<?xml version="1.0" encoding="UTF-8"?>
<collection xmlns="http://www.loc.gov/MARC21/slim">
  <record>
    <leader>00000nam  2200000   4500</leader>
    <datafield tag="247" ind1="#" ind2="#">
      <subfield code="a"/>
    </datafield>
    <controlfield tag="Wor">$a 1</controlfield>
    <datafield tag="856" ind1="#" ind2="#">
      <subfield code="a"/>
    </datafield>
    <datafield tag="700" ind1=" " ind2="#">
      <subfield code="a"/>
    </datafield>
    <datafield tag="650" ind1=" " ind2="#">
      <subfield code="a">Politik Sosial</subfield>
    </datafield>
    <datafield tag="520" ind1=" " ind2="#">
      <subfield code="a">In the first thorough, systematic examination of the topic, eleven scholars discuss how program evaluation skills can be extended to determine the costs and benefits of the evaluations themsleves. A readable, non-technical overview, The Costs of Evaluation first discusses basic concepts of cost-effectiveness within important theoretical frameworks and perspectives. Following sections address practical concerns, including: problems of and procedures for "costing"; determining the costs-both financial and intangible-of a completed evaluation; weighing costs against benefits; and increasing the costs-effectiveness of evaluations. Throughout, useful examples of actual cost analyses are provided, based on data from evaluations conducted in mental health, education, and other settings.</subfield>
    </datafield>
    <datafield tag="321" ind1="#" ind2="#">
      <subfield code="a"/>
    </datafield>
    <datafield tag="310" ind1="#" ind2="#">
      <subfield code="a"/>
    </datafield>
    <datafield tag="300" ind1="#" ind2="#">
      <subfield code="a">168 halaman</subfield>
      <subfield code="b">ilus</subfield>
      <subfield code="c">27,5 cm</subfield>
      <subfield code="e"/>
    </datafield>
    <datafield tag="260" ind1="#" ind2="#">
      <subfield code="a">England</subfield>
      <subfield code="b">Sage Publication</subfield>
      <subfield code="c">1985</subfield>
    </datafield>
    <controlfield tag="001">$a INLIS000000000020813</controlfield>
    <datafield tag="245" ind1="#" ind2="#">
      <subfield code="a">A Guide for Evaluation Decision Makers</subfield>
      <subfield code="b"/>
      <subfield code="c">Marvin C. Alkin</subfield>
    </datafield>
    <datafield tag="100" ind1=" " ind2="#">
      <subfield code="a">Marvin C. Alkin</subfield>
    </datafield>
    <datafield tag="084" ind1="#" ind2="#">
      <subfield code="a">361 ALK g</subfield>
    </datafield>
    <datafield tag="082" ind1="#" ind2="#">
      <subfield code="a">361.610 72</subfield>
    </datafield>
    <datafield tag="035" ind1="#" ind2="#">
      <subfield code="a">0010-1125000012</subfield>
    </datafield>
    <datafield tag="022" ind1="#" ind2="#">
      <subfield code="a">0 8039 2445 3</subfield>
    </datafield>
    <controlfield tag="008">$a 251120################g##########0#eng##</controlfield>
    <controlfield tag="005">$a 20251120112640</controlfield>
  </record>
</collection>
